Fictional Fathers - minds cohama - Statistics

General Stats
  • This quiz has been taken 31 times
  • The average score is 11 of 24
Answer Stats
Character Father % Correct
Luke Skywalker Anakin Skywalker
100%
margo edith and agnes Gru
91%
Bart Simpson Homer Simpson
91%
Simba Mufasa
91%
Baby Shark Daddy Shark
73%
Harry Potter James Potter
73%
Thor Odin
73%
Percy Jackson Poseidon
73%
jaden smith Will smith
73%
Pinocchio Geppetto 
64%
Nemo Marlin
64%
Wednesday Addams Gomez Addams
45%
Ariel King Triton
45%
Gumball Richard Buckley Watterson
36%
Mavis Dracula
18%
Naruto Uzumaki Minato Namikaze
18%
Smurfette Papa Smurf
18%
Power Puff Girls Professor Utonium
18%
Belle Maurice
9%
Zezé Mr Incredible
9%
Perola Sr sirigueijo
9%
Steven Universe Greg Universe
0%
Miles Morales Jefferson Davis
0%
Princess Jasmine The Sultan
0%
No matching quizzes found
Score Distribution
Percent of People with Each Score
Percentile by Number Answered
Your Score History
You have not taken this quiz